Statistics for Lego Marvel Superheroes 2 Characters

Click here to take the quiz!

General Stats

  • This quiz has been taken 876 times
    (180 since last reset)
  • The average score is 96 of 285

Answer Stats

% Correct
Iron Man
97%
Iron Man (2020)
97%
Iron Man (Wild West)
97%
Captain America
96%
Captain America (Pilot)
96%
Captain America (Secret Empire)
96%
Captain America (Wild West)
96%
Black Suit Spider-Man
95%
Homemade Suit Spider-Man
95%
Hulk
95%
Hulk (2099)
95%
Hulk (Thor: Ragnarok)
95%
Spider-Man
95%
Spider-Man (2099)
95%
Spider-Man (Miles Morales)
95%
Spider-Man (Noir)
95%
Thor
91%
Thor (Jane Foster)
91%
Black Widow
84%
Baby Groot
80%
Baby Groot (Ravager)
80%
Gamora
80%
Groot
80%
Groot (Infinity War)
80%
Star-Lord
80%
Star Lord (Ravager)
80%
Black Panther
77%
Black Panther (Vibranium Suit)
77%
Rocket Raccoon
76%
Rocket Racoon (Ravager)
76%
Captain Marvel
71%
Captain Marvel (Masked)
71%
Drax the Destroyer
71%
Hawkeye
71%
Hawkeye (Kate Bishop)
71%
Thanos
70%
Ant-Man
68%
Ant-Man Classic
68%
Ultimate Venom
68%
Venom
68%
Venom (2099)
68%
Loki
67%
Wasp
67%
Wasp (Hope van Dyne)
67%
Wasp (Nadia Pym)
67%
Doctor Strange
64%
Spider-Gwen
64%
Green Goblin
62%
Kang the Conqueror
61%
Nick Fury
60%
She-Hulk
59%
Carnage
58%
Daredevil
58%
Daredevil (Noir)
58%
Doctor Octopus
58%
Ms. Marvel
57%
Red Hulk
57%
Black Bolt
56%
Red Skull
56%
Iron Fist
55%
Vision
55%
Sandman
53%
Electro
52%
Electro (2099)
52%
Kingpin
50%
Luke Cage
50%
Mantis
50%
Nebula
50%
Odin
50%
Winter Soldier
50%
Vulture
49%
Vulture (Spider-Man: Homecoming)
49%
Yondu
49%
Yondu (Classic)
49%
Falcon
48%
Falcon (Joaquin Torres)
48%
War Machine
48%
M.O.D.O.K.
47%
Rhino
45%
Ghost
44%
Medusa
43%
Erik Killmonger
42%
Killmonger
42%
Kraven the Hunter
42%
Black Knight (Dane Whitman)
41%
Black Knight (Nathan Garrett)
41%
Black Knight (Sir Percy)
41%
Cosmo the Space-Dog
41%
Shocker
41%
Shocker (Spider-Man: Homecoming)
41%
Shuri
41%
Spider-Woman
41%
Wong
41%
Mysterio
40%
Yellowjacket
40%
Baron Zemo
39%
Dormammu
39%
Elektra (Noir)
39%
Gwenpool
39%
Heimdall
39%
Lizard
39%
Aunt May
38%
Nova
38%
Ego
37%
Ghost Rider
37%
Giant Man
37%
Ronan the Accuser
37%
Ulysses Klaue
37%
Agent Coulson
36%
Crystal
36%
Hela
36%
Lockjaw
36%
Stan Lee
36%
Howard the Duck
35%
Moon Knight
35%
White Tiger
35%
A-Bomb
34%
Adam Warlock
34%
Klaw
34%
Bullseye (Wild West)
33%
Man-Thing
33%
Arnim Zola
32%
Mordo
32%
Carnom
31%
Triton
31%
Captain Britain
30%
Squirrel Girl
30%
Okoye
29%
Red She-Hulk
29%
Spider-Ham
29%
Tony Stark
29%
Tony Stark (Wild West)
29%
Attuma
28%
Hammer
28%
Hobgoblin
28%
Surtur
28%
Blade
27%
Ebony Maw
27%
Red Guardian
27%
Scorpion
27%
The Collector
27%
The Grandmaster
27%
Captain Avalon
26%
Hulkling
26%
J. Jonah Jameson
26%
Black Cat
25%
Enchantress
25%
Man-Ape
25%
Sif
25%
Maximus
24%
Morbius
24%
Skaar
24%
Bruce Banner
23%
Bruce Banner (Thor: Ragnarok)
23%
Bruce Banner (Wild West)
23%
Crimson Dynamo
23%
Kraglin
23%
Proxima Midnight
23%
Stingray
23%
The Ancient One
23%
Two-Gun Kid
23%
Ayesha
22%
Korvac
22%
Living Mummy
22%
Wiccan
22%
Wonder Man
22%
America Chavez
21%
Corvus Glaive
21%
Gwen Stacy
21%
Hulkbuster (Mark 2)
21%
Clea
20%
Cloak
20%
Cull Obsidian
20%
Fin Fang Foom
20%
Ravonna
20%
Taskmaster
20%
Valkyrie
20%
Agent Venom
19%
Dagger
19%
Darkstar
19%
Hammerhead
19%
Maestro
19%
Taserface
19%
Beta Ray Bill
18%
Quake
18%
Captain America (Peggy Carter)
17%
Gorgon
17%
M.O.D.A.M.
17%
Bowman
16%
Chipmunk Hunk
16%
Hank Pym (MCU)
16%
Ironheart
16%
Tinkerer
16%
Devil Dinosaur
15%
Karnak
15%
Kid Colt
15%
King Arthur
15%
Red King
15%
Cap-Wolf
14%
Goblin 2099
14%
Horus
14%
Merlin
14%
Rawhide Kid
14%
Scarlet Spider (Ben Reilly)
14%
Silk
14%
Steel Serpent
14%
The Presence
14%
Ursa Major
14%
Darkhawk
13%
Koi Boi
13%
Nova Prime
13%
General Ross
12%
Madame Hydra
12%
Moon Girl
12%
Nakia
12%
Throg
12%
Blue Marvel
11%
Captain Corbett
11%
Greenskyn Smashtroll
11%
Nico Minoru
11%
Nightmare
11%
Ragnarok
11%
Red Wolf
11%
Songbird
11%
Superior Spider-Man
11%
Viv Vision
11%
Colleen Wing
10%
Hit-Monkey
10%
Old Lace
10%
Terminatrix
10%
Amadeus Cho
9%
Forbush Man
9%
Kronan Warrior
9%
Living Totem
9%
Misty Knight
9%
Phantom Rider
9%
Super Adaptoid
9%
Torg
9%
Chase Stein
8%
Hellcow
8%
Mummy Bodyguard
8%
Patriot
8%
Supergiant
8%
Tactical Force
8%
Arizona Annie
7%
Charlie-27
7%
Inferno
7%
Kang Minion
7%
Martinex
7%
Starhawk
7%
Alex Wilder
6%
Blackout
6%
Karolina Dean
6%
Militant
6%
Everett K. Ross
5%
Gertrude Yorkes
5%
Jimmy Woo
5%
Molly Hayes
5%
Sparky
5%
Stakar Ogord
5%
Aleta Ogord
4%
Arachnido Jr.
4%
Iron Duck
4%
Lady Spider (May Reilly)
4%
Luis
4%
Mister Negative
4%
Spider-UK
4%
Totally Awesome Hulk
4%
Uranian
4%
Black Dwarf
3%
Gorilla-Man
3%
Nikki
3%
Tullk
3%
Venus
3%
Warmaker
3%
Captain America (Roberta Mendez)
2%
M-11
2%
Morgan La Fay
2%
Nosferata
2%
Shroud
2%
Silvermane
2%
Vormund
2%
Captain Assyria
1%
Major Vance Astro
0%
Nomad
0%

Score Distribution

Percentile by Number Answered

Percent of People with Each Score

Your Score History

You have not taken this quiz since the last reset